Coir-pith: A cost effective alternative germination medium for rubber seed (Hevea brasiliensis) (Record no. 55826)

MARC details
000 -LEADER
fixed length control field 01770nam a2200193Ia 4500
100 ## - MAIN ENTRY--AUTHOR NAME
Personal name Joseph P
245 #0 - TITLE STATEMENT
Title Coir-pith: A cost effective alternative germination medium for rubber seed (Hevea brasiliensis)
260 ## - PUBLICATION, DISTRIBUTION, ETC. (IMPRINT)
Name of publisher Rubber Science
Year of publication 2015
300 ## - PHYSICAL DESCRIPTION
Number of Pages 237-246
520 ## - SUMMARY, ETC.
Summary, etc The germination medium plays a key role in the production of good quality planting materials in rubber and strongly influences the sustainability of rubber plantation industry. To study the effect of different media on germination and survival of seeds, an experiment was laid out using river sand as control and several other media such as raw coir pith, leached coir pith, new wood shavings, 6 months old wood shavings, raw saw dust, dried saw dust, rise husk, paddy straw, coconut leaf with a layer of soil, dried litter, rock powder, directly on the seed bed (without medium), soilrite and heaping of seeds on floor without any medium. All the germination associated parameters were significantly affected by the germination medium. In the experiment germination bed with river sand, leached coir pith, dried saw dust and soilrite recorded significantly higher germination percentage compared to all other germination media. The cost comparison of different germination medium showed that around 75 per cent of cost can be reduced by using coir pith as germination medium compared to river sand. Considering the cost, availability and germination capacity, leached coir pith is considered as an ideal seed germination medium for rubber.
650 ## - SUBJECT ADDED ENTRY--TOPICAL TERM
Topical Term Coir pith
650 ## - SUBJECT ADDED ENTRY--TOPICAL TERM
Topical Term Economics
650 ## - SUBJECT ADDED ENTRY--TOPICAL TERM
Topical Term Germination medium
650 ## - SUBJECT ADDED ENTRY--TOPICAL TERM
Topical Term Germination percentage
650 ## - SUBJECT ADDED ENTRY--TOPICAL TERM
Topical Term Hevea brasiliensis
700 ## - ADDED ENTRY--PERSONAL NAME
Personal name Jessy M D
942 ## - ADDED ENTRY ELEMENTS (KOHA)
Koha item type Journals
Holdings
Withdrawn status Lost status Damaged status Not for loan Home library Current library Shelving location Date acquired Serial Enumeration / chronology Koha item type
      Journals RRII Library RRII Library Agronomy 17/12/2021 Volume 28, Issue 3 Journals